Normal view
MARC view
- إدارة الأزمات
Entry Topical Term
001 - CONTROL NUMBER
- control field: 61387
003 - CONTROL NUMBER IDENTIFIER
- control field: JO-AjAnu
005 - DATE AND TIME OF LATEST TRANSACTION
- control field: 20230606084030.0
008 - FIXED-LENGTH DATA ELEMENTS
- fixed length control field: 230606|| aca||aabn | a|a d
040 ## - CATALOGING SOURCE
- Original cataloging agency: JO-AjAnu
- Transcribing agency: JO-AjAnu
150 ## - HEADING--TOPICAL TERM
- Topical term or geographic name entry element: إدارة الأزمات
670 ## - SOURCE DATA FOUND
- Source citation: Work cat.: (JO-AjAnu)31313: إعداد الرشايدة، اروى محمد محمود؛ إشراف محمود علي الروسان، خالد محمد الذيابات , author 61386, اثر استراتيجيات ادارة الأزمات على أداء القطاع الصحي في ظل جائحة كورونا: برنامج حكيم كمتغير معدل= The Impact of Crisis Management Strategies on Health Sector Performance in Light of Corona Pandemic(Covid19): Hakeem Program as a Moderator